| 000 | 01003nam a2200241 a 4500 | ||
|---|---|---|---|
| 001 | 000047124 | ||
| 005 | 20240301141933.0 | ||
| 008 | 110411s2015 dr ac 000 0 spa d | ||
| 020 | _a9789945585100 | ||
| 040 |
_aDO-SdBNP _bspa _cBNPHU |
||
| 082 |
_a347.012 _bR426p |
||
| 110 | 1 |
_aRepública Dominicana. _bPodel judicial _974919 |
|
| 245 | 1 | 0 |
_aPlan estratégico del poder judicial : _b2015-2019 / _cpresentación Mariano Germán Mejía ; dirección general técnica Miriam Fernández Girat ; fotografías Fior Vidal. |
| 260 |
_aSanto Domingo : _bPoder Judicial, _c2015. |
||
| 300 |
_a101 p. : _bil., retrs. ; _c23 cm. |
||
| 590 | _aInventariado, 2018/ YL | ||
| 650 | 4 |
_aPodel judicial _974920 |
|
| 650 | 4 |
_aPlanificación estratégica _92433 |
|
| 650 | 4 |
_aAdministración de justicia penal _zRepública Dominicana _xPlanificación _955715 |
|
| 700 | 1 | 2 |
_aGermán M., Mariano, _d1946- _q(Germán Mejía) _epres. _99311 |
| 700 | 1 | 2 |
_aFernández Girat, Miriam _edir. _974921 |
| 700 | 1 | 2 |
_aVidal, Fior _efot. _974922 |
| 999 |
_c46612 _d46612 |
||